| 000 | 02004cad a22002055a 4500 | ||
|---|---|---|---|
| 001 | L148252 | ||
| 008 | 090824e20092907xxk f v 001 0 eng d | ||
| 035 | _a(Sirsi) u148252 | ||
| 041 | 0 | _aeng | |
| 245 | 0 | 0 |
_aCorby Group Litigation v Corby District Council _h[electronic resource] |
| 260 | _c2009 | ||
| 520 | _a[2009] EWHC 1944 (TCC), 29 July 2009. The case relates to the negligence and nuisance of a local authority in the operation of reclamation of a steel site causing birth defects to children. Corby Group Litigation (C) alleged Corby District Council (D) negligence, breach of statutory duty and public nuisance in relation to the reclamation of an industrial site in Corby. Between 1986 to 1999, children were born with birth defects due to their pregnant mothers ingesting or inhaling hazardous substances from the site. The judge had to consider a number of issues common to C and establish the necessary basis for determination of liability to each child. "Held:" D was in breach of duty of care for not carrying out the reclamation safely enough to avoid the propagation of hazardous toxics through dust and mud to C's mothers before or during pregnancy. The contaminants had the ability to cause limb defects and this was proven by the amount of children suffering from birth defects in Corby between 1989 to 1998. D was also in breach of statutory duty in relation to Environmental Protection Act 1990 s. 34. D was liable of breach of statutory duty, negligence and nuisance to C as long as each individual claimant could prove the link between its birth defects and D's faults. | ||
| 590 | _aKA NTK | ||
| 650 | 2 | 4 | _aCORBY GROUP LITIGATION V CORBY DISTRICT COUNCIL |
| 650 | 2 | 4 | _aENVIRONMENTAL PROTECTION ACT 1990 S34 |
| 651 | 4 |
_aEngland and Wales _y1543- |
|
| 690 | _aENVIRONMENTAL AND LAND CONSULTANCY-WASTE MANAGEMENT-HAZARDOUS WASTE TREATMENT | ||
| 856 | 4 | 0 |
_uhttps://www.bailii.org/ew/cases/EWHC/TCC/2009/1944.html _zView the case free of charge at www.bailli.org... |
| 942 | _n0 | ||
| 999 |
_c81763 _d81763 |
||